[Event "WYCC 2018 O16"]
[Site "Halkidiki"]
[Date "2018.10.29"]
[Round "10"]
[White "Gavrilescu, David"]
[Black "Abdisalimov, Abdimalik"]
[Result "1/2-1/2"]
[WhiteElo "2481"]
[BlackElo "2368"]
[Annotator "TA"]
[PlyCount "81"]
[EventDate "2018.10.20"]
[EventType "swiss"]
[EventCountry "GRE"]
[SourceTitle "playchess.com"]
[Source "ChessBase"]
[SourceQuality "1"]

{[%evp 13,81,22,14,23,27,13,24,20,17,19,20,18,10,-8,-7,-6,0,-31,-42,-55,-49,-47,-39,-94,-60,-64,-33,-39,-31,-24,-11,-43,-20,-24,-24,-63,-71,-66,-77,-82,-79,-57,52,0,0,-6,-6,-9,-9,-22,-21,-25,-16,-9,-7,-31,-20,-70,-23,-62,-48,-108,-71,-85,-8,-8,-8,-8,-8,-17]} 1. e4 c5 2. Nf3 d6 3. Bb5+ Nd7 4. c3 Ngf6 5. Bd3 (5. Qe2 a6 6. Ba4 b5 7. Bc2 Bb7 8. d4 e6 9. O-O Be7 10. Nbd2 O-O 11. e5 Nd5 12. Ne4 Qc7 13. exd6 Bxd6 14. Nxd6 Qxd6 15. dxc5 Qxc5 {½-½ (58) Kovalev,V (2648)-Grandelius,N (2652) Sharjah 2018}) 5... g6 6. Bc2 {B51: Sizilianisch (Rossolimo-Variante)} Bg7 7. d4 O-O {LiveBook: 3 Partien} 8. O-O cxd4 9. cxd4 b5 $146 ({Vorgänger:} 9... b6 10. Nc3 Bb7 11. Re1 Rc8 12. h3 Qc7 {0-1 (32) Hartmann,C (1861)-Wallat,J (1686) Willingen 2017}) 10. Re1 Bb7 11. a3 Rc8 12. Nc3 a6 13. h3 Nb6 14. Qe2 Rc7 15. e5 dxe5 16. dxe5 Nfd5 17. Nxd5 Qxd5 18. Rd1 (18. Bb1 $15) 18... Qc4 19. Bd3 Qa4 20. Be3 Nd5 21. Nd4 Rfc8 ({Doch nicht} 21... Bxe5 $6 22. b3 $16) 22. Qe1 {[#] Schwarz muss nun b3 beachten.} Nxe3 23. Qxe3 e6 24. Bc2 Qc4 ({Ein No Go ist} 24... Rxc2 $6 25. Nxc2 Qe4 26. Qxe4 $14) 25. Bb3 Qc5 26. Nxe6 Qxe3 27. fxe3 Re7 (27... fxe6 $15 28. Bxe6+ Kh8 29. Bxc8 Rxc8) 28. Nxg7 ({Günstiger ist} 28. Ng5 $14) 28... Kxg7 $11 29. e6 fxe6 30. Rd2 Kf6 31. Rf1+ Ke5 32. Kh2 Rc5 33. Kg3 Bd5 34. Bxd5 (34. Bd1 {is interesting.} Rec7 35. Rf8 Rc8 36. Rf4 h6 37. Rg4) 34... Rxd5 35. Rxd5+ exd5 {[%mdl 4096] Endspiel KT-KT} 36. Rc1 Ke4 37. Kf2 {[#]} ({Besser ist} 37. Rd1 $15) 37... Kd3 $1 $17 38. Rc5 d4 (38... Rf7+ $17 39. Ke1 Kxe3) 39. exd4 $11 {Die Stellung ist ausgeglichen.} Re2+ 40. Kf3 {Droht stark Tc3+.} Rxb2 41. Rc6 {Precision: Weiß = 48%, Schwarz = 65%.} 1/2-1/2

[Event "WYCC 2018 O16"]
[Site "Halkidiki"]
[Date "2018.10.29"]
[Round "10"]
[White "Sargsyan, Shant"]
[Black "Golikov, Daniil"]
[Result "1-0"]
[WhiteElo "2463"]
[BlackElo "2319"]
[Annotator "RC"]
[PlyCount "87"]
[EventDate "2018.10.20"]
[EventType "swiss"]
[EventCountry "GRE"]
[SourceTitle "playchess.com"]
[Source "ChessBase"]
[SourceQuality "1"]
[TimeControl "40/5400+30:1800+30"]

1. d4 {[%emt 0:00:53]} Nf6 {[%emt 0:00:00]} 2. c4 {[%emt 0:00:45]} e6 {[%emt 0:00:00]} 3. Nf3 {[%emt 0:00:27]} Bb4+ {[%emt 0:00:06]} 4. Bd2 {[%emt 0:00:49]} Qe7 {[%emt 0:00:08]} 5. g3 {[%emt 0:00:46]} Bxd2+ {[%emt 0:02:02]} 6. Qxd2 {[%emt 0:00:29]} Nc6 {[%emt 0:00:13]} 7. e3 {[%emt 0:01:06]} d5 {[%emt 0:00:39]} 8. Qc3 {[%emt 0:00:56]} dxc4 {[%emt 0:11:47]} 9. Nbd2 {[%emt 0:11:31]} O-O {[%emt 0:01:58]} 10. Nxc4 {[%emt 0:02:47]} b6 {[%emt 0:02:48]} 11. Bg2 {[%emt 0:03:03]} Bb7 {[%emt 0:00:11]} 12. O-O {[%emt 0:05:16]} Nb4 {[%emt 0:03:37]} 13. a3 {[%emt 0:06:00]} Nbd5 {[%emt 0:00:52]} 14. Qc2 {[%emt 0:00:24]} Nd7 {[%emt 0:06:20]} 15. e4 {[%emt 0:03:54]} N5f6 {[%emt 0:00:10]} 16. Rfe1 {[%emt 0:00:22]} Rfd8 {[%emt 0:03:40]} 17. Rad1 {[%emt 0:01:40]} Qf8 {[%emt 0:08:15]} 18. e5 {[%emt 0:02:08]} Nd5 {[%emt 0:00:50]} 19. Ng5 {[%emt 0:00:27]} g6 {[%emt 0:00:16]} 20. h4 {[%emt 0:02:09]} Qe7 {[%emt 0:02:44]} 21. Ne3 {[%emt 0:13:25]} c6 {[%emt 0:14:35]} 22. Ng4 {[%emt 0:03:30]} Kg7 {[%emt 0:01:26]} 23. Bxd5 {[%emt 0:01:33]} cxd5 {[%emt 0:00:20]} 24. Qd2 {[%emt 0:01:31]} h5 {[%emt 0:03:45]} 25. Nh2 {[%emt 0:02:11]} a5 {[%emt 0:04:48]} 26. Re3 {[%emt 0:01:32]} Rf8 {[%emt 0:00:58]} 27. Rde1 {[%emt 0:01:24]} Rae8 {[%emt 0:05:24]} 28. Rf3 {[%emt 0:00:59]} f5 {[%emt 0:00:17]} 29. exf6+ {[%emt 0:01:07]} Rxf6 {[%emt 0:00:02]} 30. Rfe3 {[%emt 0:01:28]} Qd6 {[%emt 0:02:12]} 31. Nhf3 {[%emt 0:00:08]} Bc8 {[%emt 0:02:55]} 32. Ne5 {[%emt 0:01:32]} Rf5 {[%emt 0:01:00]} 33. Qc2 {[%emt 0:01:24]} Nxe5 {[%emt 0:03:16]} 34. Rxe5 {[%emt 0:00:22]} Rxe5 {[%emt 0:04:10]} 35. Rxe5 {[%emt 0:00:15]} Bd7 {[%emt 0:00:22]} 36. Kg2 {[%emt 0:04:52]} Rf8 {[%emt 0:04:16]} 37. Qe2 {[%emt 0:02:14]} Rf6 {[%emt 0:01:13]} 38. Re3 {[%emt 0:00:14]} b5 {[%emt 0:03:51]} 39. Rf3 {[%emt 0:00:00]} Rxf3 {[%emt 0:00:00]} 40. Nxf3 {[%emt 0:00:00]} Be8 {[%emt 0:00:00]} 41. Qe3 {[%emt 0:04:13]} Bf7 {[%emt 0:02:06]} 42. Ne5 {[%emt 0:00:56]} b4 {[%emt 0:02:42]} 43. Qh6+ {[%emt 0:00:09]} Kg8 {[%emt 0:00:41]} 44. Qh8+ {[%emt 0:00:05]} 1-0

[Event "WYCC 2018 O16"]
[Site "Halkidiki"]
[Date "2018.10.29"]
[Round "10"]
[White "Kozak, Adam"]
[Black "Juksta, Karolis"]
[Result "0-1"]
[WhiteElo "2445"]
[BlackElo "2234"]
[Annotator "TA"]
[PlyCount "80"]
[EventDate "2018.10.20"]
[EventType "swiss"]
[EventCountry "GRE"]
[SourceTitle "playchess.com"]
[Source "ChessBase"]
[SourceQuality "1"]

{[%evp 15,80,27,33,33,27,28,29,25,38,33,36,18,25,20,25,31,33,31,39,0,32,10,10,10,18,5,66,9,19,15,21,0,-1,-14,0,-8,0,-9,-9,-10,-7,-8,-8,-19,-15,-12,-15,-85,-119,-230,-225,-250,-242,-545,-537,-736,-736,-695,-646,-636,-634,-6103,-5589,-5206,-5202,-12835,-12835]} 1. d4 d5 2. c4 e6 3. Nc3 Nf6 4. cxd5 exd5 5. Bg5 Nbd7 6. e3 c6 7. Bd3 h6 8. Bf4 {D35: Queen's Gambit Declined: Exchange Variation} Nb6 {LiveBook: 4 Games} 9. Qc2 (9. Nf3 Bg4 10. Qc2 Bxf3 11. gxf3 Bd6 12. Be5 O-O 13. Rg1 Re8 14. f4 {1-0 (42) Paehtz,E (2474)-Marin,M (2597) Reykjavik 2016}) 9... Bd6 10. Bxd6 {White has an edge.} Qxd6 11. Nf3 Be6 12. O-O O-O 13. Rab1 a5 $146 ({Predecessor:} 13... Nfd7 14. b4 a6 15. a4 Qe7 16. Rfe1 Rfe8 {½-½ (16) Moreno Ruiz,J (2340)-Hoffman,A (2435) Aviles 1992}) 14. Rfc1 Nc8 15. Na4 Qe7 16. Ne5 Ng4 17. Nf3 (17. Nc5 {seems wilder.} Nd6 18. Qe2 Nf6 19. b4 axb4 20. Rxb4 Nfe4 21. Bxe4 dxe4 22. a4) 17... Nf6 18. Qc5 Nd7 19. Qxe7 Nxe7 20. Nc5 b6 ({Better is} 20... Nxc5 $11 21. dxc5 Bg4) 21. Na4 (21. Nxe6 $14 fxe6 22. h3) 21... Rfc8 22. Rc2 c5 {[#] Hoping for ...c4.} 23. dxc5 (23. Bb5 {is interesting.} Bf5 24. Rcc1 Rab8 25. Ra1 Nf6 26. b3) 23... Nxc5 24. Nxc5 bxc5 25. b3 Rab8 $36 {[%mdl 2048] Black has some pressure.} 26. Rbc1 c4 27. bxc4 dxc4 28. Bf1 Nc6 29. a3 ({Much weaker is} 29. Bxc4 Nb4 $17) 29... a4 $1 30. Bxc4 {Strongly threatening Ba6.} Na5 $1 {[%cal Ra5c4]} 31. Bd3 (31. Bf1 $1 $11) 31... Rxc2 $17 32. Bxc2 (32. Rxc2 $17 {was forced.} Rb1+ 33. Bf1) 32... Rc8 $19 33. Nd4 Nb3 34. Nxe6 $2 (34. Rb1 Nxd4 35. Bxa4 Ne2+ 36. Kf1) 34... Nxc1 {[%mdl 4096] Endgame KRN-KBN. Black is clearly winning.} 35. Bf5 g6 36. Bh3 Rc3 37. Nd4 Rxa3 {...Rd3 is the strong threat.} 38. Bd7 {[#]} Ne2+ $1 {[%mdl 512]} 39. Kf1 (39. Nxe2 Ra1+) 39... Nxd4 40. exd4 Ra2 {Precision: White = 37%, Black = 77%.} 0-1

[Event "WYCC 2018 O16"]
[Site "Halkidiki"]
[Date "2018.10.29"]
[Round "10"]
[White "Vrolijk, Liam"]
[Black "Koustav Chatterjee"]
[Result "1/2-1/2"]
[WhiteElo "2437"]
[BlackElo "2344"]
[Annotator "TA"]
[PlyCount "180"]
[EventDate "2018.10.20"]
[EventType "swiss"]
[EventCountry "GRE"]
[SourceTitle "playchess.com"]
[Source "ChessBase"]
[SourceQuality "1"]

{[%evp 30,180,41,37,46,48,48,41,41,26,35,25,74,46,35,36,49,16,16,21,18,20,52,39,52,59,52,49,64,64,68,50,59,51,62,29,34,32,45,0,17,0,0,0,0,0,0,0,0,0,0,0,0,0,0,0,12,9,25,33,41,8,147,28,22,11,58,30,30,30,297,295,286,284,252,97,283,275,275,267,419,353,1221,923,1126,454,1348,454,454,454,975,454,454,454,1137,1095,1409,497,1486,1333,1015,1003,889,881,881,881,874,672,454,152,131,26,26,26,21,21,31,31,31,26,33,33,33,33,33,33,33,33,33,33,33,33,33,33,33,33,33,33,33,33,33,33,33,33,33,33,33,33,33,33,33,33,33]} 1. d4 Nf6 2. c4 e6 3. Nf3 d5 4. g3 Be7 5. Bg2 O-O 6. O-O c6 {[%cal Bc7c6,Bc6c5][%mdl 32]} 7. b3 Nbd7 8. Bb2 b6 9. Qc2 Bb7 10. Nc3 c5 11. cxd5 Nxd5 12. Nxd5 Bxd5 13. e4 {E08: Katalanisch} Bb7 14. Rfd1 cxd4 (14... Nf6 15. Ng5 g6 16. d5 exd5 17. exd5 Nxd5 18. Bxd5 Bxd5 19. Qc3 f6 20. Rd2 b5 {1-0 (28) Heimann,A (2577)-Lagunow,A (2421) Karlsruhe 2017}) 15. Nxd4 Rc8 16. Qe2 {LiveBook: 4 Partien} Bc5 $146 ({Vorgänger:} 16... Qe8 17. Nb5 a6 18. Nd6 Bxd6 19. Rxd6 Qe7 20. Rad1 Rfd8 {1-0 (28) Agaragimov,D (2311)-Chernyshova,N (2019) Pardubice 2010}) 17. a3 Qe7 18. b4 Bxd4 $1 19. Bxd4 e5 20. Be3 Qe6 21. Qf1 Qe7 22. Bh3 Rc7 23. Qd3 {[%cal Rd3d7] zielt auf Dxd7 ab.} Nf6 24. f3 Bc8 25. Bf1 Be6 26. Rac1 Rfc8 27. Rxc7 Qxc7 28. a4 {[%cal Ba3a4,Ba4a5][%mdl 32]} h6 29. Rc1 Qb7 30. Rxc8+ Qxc8 31. a5 Nd7 32. f4 exf4 33. gxf4 Qc7 34. a6 f6 35. Be2 Nf8 36. Qd2 Bf7 37. Kf2 g5 38. e5 {Schwarz muss nun Dd6 beachten.} gxf4 39. Bxf4 Ng6 40. Bg3 {Und e6 würde nun gewinnen.} fxe5 41. Qxh6 Qc2 42. Qh3 Qe4 (42... Qd2 {feels hotter.} 43. Qg4 Kf8 44. Qe4 Nf4 45. Bxf4 exf4 46. Qe5 Qxb4 47. Kf3 Qa3+) 43. Qg4 Qxg4 44. Bxg4 $11 {[%mdl 4096] Endspiel KLL-KLS} Kg7 $1 45. Ke3 Bc4 (45... Kf6 $1 $11 {hält das Gleichgewicht.}) 46. Bc8 (46. Be2 $1 $16 {[%cal Re2c4]} Bd5 47. h4) 46... Kf6 47. Ke4 Ba2 48. Bf2 Bb1+ 49. Kf3 e4+ $2 {[%mdl 8192] [#]} (49... Ne7 $1 $11 50. Bb7 Bd3) 50. Kg4 $1 $18 Ne5+ 51. Kg3 {Lxb6! ist eine echte Drohung.} Nc4 {[#]} 52. Bd4+ $2 (52. Kf4 $1 $18 {und der Rest ist Schweigen.}) 52... Ke7 $2 (52... Kg5 $16 {war angesagt.}) 53. Kf4 Bd3 54. Bb7 Kd7 (54... Be2 {war einen Versuch wert.} 55. Bxe4 (55. Kxe4 Nd6+ 56. Kf4 Nb5 $18) 55... Nd6) 55. h4 Kc7 $2 (55... e3 56. Bc3 (56. Bxe3 Nxe3 57. Kxe3 Bb5 $16) 56... e2) 56. Bxe4 Be2 57. b5 (57. Bf3 $142 Bxf3 58. Kxf3) 57... Na3 (57... Nd6 $142 58. Bg6 Nxb5) 58. Ke3 (58. Be5+ $142 Kd7 59. Bg6) 58... Bh5 59. Be5+ Kc8 (59... Kd8 $142 60. Bd3 Bf7) 60. Bb7+ (60. Kf4 $142 Nxb5 61. Kg5) 60... Kd8 61. Bc6 Nc2+ (61... Nc4+ $142 62. Kf4 Nxe5 63. Kxe5 Ke7) 62. Kf4 Nb4 63. Bg2 (63. Be4 $142 Bf7 64. Kg5) 63... Be2 (63... Be8 $142 64. Bf1 Bg6) 64. Bc3 Na2 65. Bf6+ Ke8 66. Bc6+ Kf7 67. Kg5 Nb4 68. Bd7 Nd5 69. Bd4 $2 (69. Be5 $18) 69... Nc7 $16 70. h5 (70. Bb2 $16) 70... Bxb5 $11 71. h6 Bd3 ({Jedoch nicht} 71... Bxd7 $2 72. h7 $18) 72. Be5 Ne6+ 73. Kg4 Nf8 74. Bc8 Kg6 75. Bb8 {Weiß steht etwas besser.} Bb5 76. Bxa7 Nd7 77. Kh4 Nc5 78. Bxb6 Bxa6 79. Bf5+ Kxh6 80. Bxc5 {[%cal Rc5f8]} Kg7 81. Kg5 Kf7 82. Kf4 Bc4 83. Bg4 Kg6 84. Be7 Bd3 85. Ke5 Bc2 86. Bd7 Kf7 87. Bf6 Bb3 88. Bg4 Kg6 89. Bh4 Bc2 90. Be1 Kf7 {Precision: Weiß = 56%, Schwarz = 48%.} 1/2-1/2

[Event "WYCC 2018 O16"]
[Site "Halkidiki"]
[Date "2018.10.29"]
[Round "10"]
[White "Vlachos, Anatole"]
[Black "Loiacono, Leonardo"]
[Result "1/2-1/2"]
[WhiteElo "2435"]
[BlackElo "2277"]
[Annotator "NA"]
[PlyCount "94"]
[EventDate "2018.10.20"]
[EventType "swiss"]
[EventCountry "GRE"]
[SourceTitle "playchess.com"]
[Source "ChessBase"]
[SourceQuality "1"]
[TimeControl "40/5400+30:1800+30"]

1. d4 {[%emt 0:00:00]} Nf6 {[%emt 0:00:00]} 2. Bf4 {[%emt 0:00:00]} e6 {[%emt 0:00:00]} 3. e3 {[%emt 0:00:00]} d5 {[%emt 0:00:02]} 4. Nd2 {[%emt 0:00:07]} Bd6 {[%emt 0:00:10]} 5. Bxd6 {[%emt 0:00:06] D00: Damenbauernspiele} (5. Ngf3 Bxf4 6. exf4 Nbd7 7. Bd3 c5 8. c3 Qb6 9. Rb1 Qd6 10. g3 b6 11. O-O Bb7 12. Re1 O-O 13. b4 cxb4 14. cxb4 {1-0 (75) Nakamura,H (2769)-Aronian,L (2764) Leuven 2018}) 5... Qxd6 {[%emt 0:01:24]} 6. f4 {[%emt 0:00:21]} b6 {[%emt 0:03:14]} 7. Ngf3 {[%emt 0:00:29]} Ng4 $146 {[%emt 0:08:37]} ({Vorgänger:} 7... Bb7 8. Bd3 c5 9. c3 Nc6 10. Ne5 O-O 11. Qf3 Ne7 12. g4 Qd8 {1-0 (32) Moiseenko,V (2520)-Mirzoian,M (2292) Taganrog 2017}) 8. Qe2 {[%emt 0:02:42]} Ba6 {[%emt 0:01:09]} 9. c4 {[%emt 0:00:07]} dxc4 {[%emt 0:03:45]} 10. Ne5 {[%emt 0:04:05]} Nxe5 $1 {[%emt 0:04:13]} 11. dxe5 {[%emt 0:10:53]} Qb4 {[%emt 0:03:58]} 12. Qf3 $1 {[%emt 0:00:16]} c6 {[%emt 0:00:44]} 13. O-O-O {[%emt 0:00:30]} c3 {[%emt 0:03:50]} 14. Nb3 {[%emt 0:00:23]} Bxf1 {[%emt 0:01:28]} 15. Rhxf1 {[%emt 0:00:35]} cxb2+ {[%emt 0:00:34]} 16. Kb1 {[%emt 0:05:01]} ({White should play} 16. Kxb2 $15 O-O 17. Rd4) 16... O-O {[%emt 0:01:06]} 17. Nd4 {[%emt 0:11:11]} Na6 {[%emt 0:06:16]} 18. f5 {[%emt 0:06:27] [#]} Qa3 {[%emt 0:14:01]} (18... Qc4 $1 $19 19. Qxc6 Nc5) 19. Rf2 {[%emt 0:06:09]} Nc5 {[%emt 0:07:26]} 20. f6 {[%emt 0:08:51]} Rfd8 {[%emt 0:05:30]} 21. Rxb2 {[%emt 0:05:30]} Nd3 {[%emt 0:08:09]} 22. Rb3 {[%emt 0:07:55]} Nxe5 {[%emt 0:00:04]} 23. Rxa3 {[%emt 0:02:10]} Nxf3 $11 {[%emt 0:02:41]} 24. gxf3 {[%emt 0:00:02]} c5 {[%emt 0:00:30]} 25. Rg1 {[%emt 0:00:02]} cxd4 {[%emt 0:00:15]} 26. Rxg7+ {[%emt 0:00:02]} Kh8 {[%emt 0:01:58]} 27. exd4 {[%emt 0:05:41]} Rd7 {[%emt 0:02:00]} 28. Rc3 {[%emt 0:02:24]} h6 {[%emt 0:00:12]} 29. Rg4 {[%emt 0:04:41]} Rg8 {[%emt 0:00:46]} 30. Rf4 {[%emt 0:00:00]} Kh7 {[%emt 0:00:26]} 31. Rc2 {[%emt 0:01:18]} Rg5 {[%emt 0:00:45]} 32. h4 {[%emt 0:03:35]} Rf5 {[%emt 0:02:35]} 33. Rxf5 {[%emt 0:00:00]} exf5 {[%emt 0:00:07]} 34. Rg2 {[%emt 0:00:15]} Rxd4 {[%emt 0:00:29]} 35. Rg7+ {[%emt 0:00:33]} Kh8 {[%emt 0:00:05]} 36. h5 {[%emt 0:00:43]} Rd7 {[%emt 0:02:07]} 37. a4 {[%emt 0:02:49]} a6 {[%emt 0:00:17]} 38. Kc2 {[%emt 0:00:15]} Rd4 {[%emt 0:02:50]} 39. Rxf7 {[%emt 0:00:20]} Kg8 {[%emt 0:00:04]} 40. Rg7+ {[%emt 0:00:00]} Kf8 {[%emt 0:00:00]} 41. Rb7 {[%emt 0:07:19]} Rxa4 {[%emt 0:00:34]} 42. Rxb6 {[%emt 0:00:10]} Kf7 {[%emt 0:00:06]} 43. Kd3 {[%emt 0:00:36]} Ra3+ {[%emt 0:02:13]} 44. Kd4 {[%emt 0:00:12]} Rxf3 {[%emt 0:00:12]} 45. Ke5 {[%emt 0:00:19]} Re3+ {[%emt 0:00:06]} 46. Kxf5 {[%emt 0:00:09]} Rf3+ {[%emt 0:00:03]} 47. Ke5 {[%emt 0:00:06]} Re3+ {[%emt 0:00:04] Ke4} 1/2-1/2

[Event "WYCC 2018 O16"]
[Site "Halkidiki"]
[Date "2018.10.29"]
[Round "10"]
[White "Blohberger, Felix"]
[Black "Yakubboev, Nodirbek"]
[Result "0-1"]
[WhiteElo "2433"]
[BlackElo "2522"]
[Annotator "TA"]
[PlyCount "132"]
[EventDate "2018.10.20"]
[EventType "swiss"]
[EventCountry "GRE"]
[SourceTitle "playchess.com"]
[Source "ChessBase"]
[SourceQuality "1"]

{[%evp 27,132,0,0,0,25,21,41,0,0,0,8,0,0,-13,27,6,6,14,22,12,28,14,25,-23,-22,-30,-24,-22,-39,-34,-27,-109,-118,-167,-156,-158,-135,-122,-89,-161,-164,-164,-122,-124,-126,-136,-116,-120,-62,-102,-100,-136,-128,-136,-126,-115,-125,-87,-79,-118,-42,-45,-46,-48,-27,-84,-84,-92,-80,-114,-114,-114,-114,-158,-157,-147,-134,-141,-105,-191,-195,-224,-219,-210,-198,-205,-204,-183,-149,-156,-145,-139,-122,-120,-77,-276,-245,-336,-309,-1452,-1370,-1421,-1327,-3294,-2701,-4618,-4610]} 1. e4 c5 2. Nf3 d6 3. d4 Nf6 4. Nc3 cxd4 5. Nxd4 a6 6. Be3 e5 7. Nf3 Be7 8. Bc4 Be6 9. Bb3 O-O 10. O-O Nc6 {B90: Sicilian Najdorf: Unusual White 6th moves, 6 Be3 Ng4 and 6 Be3 e5} 11. Re1 Na5 12. Bg5 Nxb3 13. axb3 Rc8 14. Bxf6 Bxf6 {LiveBook: 3 Games} 15. Re3 {[#]} Rc6 $146 ({Predecessor:} 15... Be7 16. Rd3 Qe8 17. Nd5 Rc6 {½-½ (31) Nisipeanu,L (2661)-Giri,A (2780) Batumi 2018}) 16. Rd3 Qc7 17. Ne1 {[%cal Bf3e1,Be1c2,Bc2e3][%mdl 32]} Bd8 18. Nd5 Qb8 19. Nb4 Rc8 20. Nd5 a5 21. c3 g6 22. Nc2 b5 23. Nce3 Qb7 24. Kh1 Kh8 25. Qf3 f5 26. exf5 gxf5 27. Qh3 Bg5 28. Rf1 $1 (28. Rxa5 Bxe3 29. Nxe3 f4 $17) 28... e4 $36 {[%mdl 2048] White is under pressure.} 29. Rdd1 (29. Rd4 $1 $11) 29... Rce8 $1 $17 {Strongly threatening ...f4.} 30. f4 exf3 $1 31. Qxf3 Bxe3 $1 32. Nxe3 Qxf3 33. gxf3 (33. Rxf3 $17 {was necessary.} f4 34. Rdf1) 33... Bxb3 $19 34. Rde1 Re5 35. Kg1 f4 36. Ng2 Kg7 37. Rf2 Kf6 (37... Rxe1+ $17 38. Nxe1 Rf5) 38. Rd2 Ke6 39. Ra1 {[#]} a4 $1 40. Kf2 d5 41. Rd4 Ref5 42. Re1+ Kd6 43. Ree4 {[%cal Re4f4]} Bc4 (43... Rc8 $17 {White must now prevent ...a3!} 44. Rxf4 Rxf4 45. Nxf4 {[#]} a3 $1 {[%mdl 512]} 46. bxa3 Rxc3) 44. Rxf4 $15 Rxf4 45. Nxf4 {[%mdl 4096] Endgame KRB-KRN} Rb8 46. Rd2 (46. Ke3 $1 $11) 46... b4 $17 47. cxb4 Rxb4 48. Nh3 Ke5 49. Ng5 Rb7 50. h4 h6 51. Nh3 d4 {[%cal Bd5d4,Bd4d3][%mdl 32]} 52. Nf4 Ba6 53. Ng2 (53. Nh5 $17 {might work better.}) 53... d3 $19 54. Ne1 Kd4 55. Nc2+ Kc5 56. Ne1 Rd7 57. Ng2 Kd4 58. Ne3 h5 59. Nf5+ Kc4 60. Ke3 Rd5 61. Ke4 $2 (61. Ng3 $17 {was forced.}) 61... Rd8 {Threatens to win with ...Re8+.} 62. Ne3+ Kb3 63. Nf5 $2 (63. f4 a3 64. bxa3) 63... Re8+ {Black is clearly winning.} 64. Kf4 Re2 65. Rd1 Kxb2 66. Ng3 a3 {Precision: White = 41%, Black = 60%.} 0-1

[Event "WYCC 2018 O16"]
[Site "Halkidiki"]
[Date "2018.10.29"]
[Round "10"]
[White "Kosakowski, Jakub"]
[Black "Davtyan, Artur"]
[Result "0-1"]
[WhiteElo "2413"]
[BlackElo "2374"]
[Annotator "TA"]
[PlyCount "98"]
[EventDate "2018.10.20"]
[EventType "swiss"]
[EventCountry "GRE"]
[SourceTitle "playchess.com"]
[Source "ChessBase"]
[SourceQuality "1"]

{[%evp 23,98,29,20,-7,27,20,16,9,6,-10,0,-19,0,0,0,7,5,5,5,0,-1,-18,0,0,16,0,31,15,33,16,54,44,38,26,37,7,0,0,66,-8,0,0,0,-12,0,-8,-16,-12,-16,-58,-15,-68,-25,-49,-11,-86,-98,-141,-143,-127,-131,-197,-199,-458,-360,-982,-936,-5218,-5218,-3268,-2677,-5222,-5222,-5222,-5029,-29991,-29992]} 1. e4 e5 2. Nf3 Nc6 3. Bb5 {[%cal Bf1b5,Bb5a4,Ba4b3][%mdl 32]} a6 4. Ba4 Nf6 5. O-O Nxe4 6. d4 b5 7. Bb3 d5 8. dxe5 Be6 9. Nbd2 Be7 10. c3 O-O 11. Bc2 f5 12. exf6 Nxf6 {LiveBook: 44 Games} 13. Qe2 {C83: Open Ruy Lopez: 9 c3 Be7} (13. Nb3 Bg4 14. Qd3 Qd7 15. Nbd4 Nxd4 16. cxd4 Bxf3 17. Qxf3 g6 18. Qd3 Bd6 19. f3 Nh5 20. Bh6 Rf7 21. Qd2 {½-½ (54) Anton Guijarro,D (2627)-Vidit,S (2658) Martuni 2016}) 13... Qd6 14. Re1 Bd7 15. Nf1 {The position is equal.} Rae8 16. Bg5 $146 ({Predecessor:} 16. Qd3 Bd8 17. Be3 Ne4 18. Ng3 g6 19. Bh6 Nc5 20. Qd2 Rxe1+ 21. Rxe1 {1-0 (64) Frick,R (2151)-Elarbi,A (2253) Mallorca 2004}) 16... Ng4 {aiming for ...Bxg5.} 17. Qd2 Bxg5 18. Qxg5 Nce5 19. Nxe5 Nxe5 20. Rad1 c6 21. Ng3 Qc5 22. Rf1 h6 23. Qd2 Re7 24. Bb1 Rf6 25. Qc2 {Strongly threatening Qh7+.} g6 26. Rd4 Nf7 27. Qd2 Kg7 28. Kh1 Ne5 29. h3 (29. Rh4 Ng4 $17) 29... Nc4 30. Qc1 {And now Rh4 would win.} Re5 ({Better is} 30... Nd6 $11) 31. Kh2 (31. f4 $14 Re3 32. Ne4 $1 {[%mdl 512]} dxe4 33. Rxd7+ Rf7 34. Rd4) 31... Qe7 $11 32. b3 Nd6 33. Qd2 ({Of course not} 33. Rh4 h5 $17) 33... Bc8 34. Rd3 Bf5 35. Nxf5+ Rfxf5 36. Rd4 Rf6 (36... Re2 $5 {[%cal Re2d2]} 37. Qd3 Rf6 $15) 37. Rg4 (37. Bd3 $11) 37... Re2 38. Qd3 {[%cal Rg4g6]} Qe8 39. f4 (39. Kg1 $11) 39... Nf5 $36 {[%mdl 2048] Black is in control.} 40. c4 d4 41. cxb5 axb5 42. a4 (42. Qd1 $17) 42... Rb2 $19 {White must now prevent ...Ne3.} 43. Rc1 $2 (43. Qxf5 Rxf5 44. Bxf5) 43... Qe3 {[#]} 44. Qf1 $2 (44. Rxc6 $1 {[%mdl 512]} Rxg2+ (44... Rxc6 45. Qxf5) 45. Kxg2 Rxc6 46. axb5 (46. Qxf5 $2 Qe2+ 47. Kg3 Rc3+ 48. Bd3 Rxd3+ 49. Qxd3 Qxd3+ $19)) 44... h5 {[%cal Bh6h5,Bh5g4,Bg4h3][%mdl 32]} 45. Re1 hxg4 46. Rxe3 Nxe3 47. Qd3 Rxg2+ 48. Kh1 gxh3 49. Qxd4 Ng4 {Precision: White = 16%, Black = 57%.} 0-1